00899aab a2200181 i 4500001001000000003001000010005001700020008004100037040003000078041000800108100002700116245011300143300005300256520028700309650001400596700002600610773008100636768714001CO-MdFUSB20221031170947.0221031s2003 sp ||||| |||| 00| 0 spa d bspacCO-MdFUSBdCO-MdFUSB aspa1 aPessini, Leocireautor10a"En el nombre de la dignidad" :bargumentos a favor y en contra de la eutanasia voluntariac/ Leocir Pessini aNúmero 300, (2003), Página 133- 140c; 21 cm aEl concepto de "dignidad", que es polisémico, sugiere una gran variedad de significados diferentes en lo que respecta a los valores éticos. Se utiliza para defender valores antagónicos y, en el caso específico de la eutanasia, sirve tanto para defenderla como para atacarla. 7aEutanasia1 aJunker Kenny, Maureen0 tConcilium049450gNúmero 300, (2003), Página 133- 140qPágina 133- 140